Rihanna Discography - Statistics

General Stats
  • This quiz has been taken 55 times
  • The average score is 10 of 17
Answer Stats
Type Year Name % Correct
Album 2007 Good Girl Gone Bad
98%
Album 2006 A Girl like Me
96%
Album 2016 Anti
96%
Album 2010 Loud
96%
Album 2009 Rated R
96%
Album 2011 Talk That Talk
96%
Album 2005 Music of the Sun
94%
Album 2012 Unapologetic
94%
Reissued Album 2008 Good Girl Gone Bad: Reloaded
59%
Remix Album 2009 Good Girl Gone Bad: The Remixes
31%
Remix Album 2010 Rated R: Remixed
31%
EP 2007 Don't Stop the Music (5 Track)
16%
EP 2007 Don't Stop the Music (Hit Track)
16%
Box Set 2009 3 CD Collector's Set
12%
Box Set 2011 Coffret 4 CD
12%
EP 2010 Rated R (Nokia Singles Edition)
12%
Box Set 2016 Vinyl Box Set
12%
No matching quizzes found
Score Distribution
Percent of People with Each Score
Percentile by Number Answered
Your Score History
You have not taken this quiz